| 000 | 00614nam a2200205 a 4500 | ||
|---|---|---|---|
| 005 | 20220927063625.0 | ||
| 008 | 080303s2007 mx r 000 0 spa d | ||
| 020 | _a9709747835 (Cordillera) | ||
| 020 | _a3855814376 (Bohem press) | ||
| 035 | _aUPN01000154690 | ||
| 049 | _aI | ||
| 050 | 4 |
_aPZ76.3 _bG8.3 |
|
| 100 | 1 | _aKoch, Birger | |
| 245 | 1 | 0 |
_aGuau Guau en busca de esposa / _ctexto e il. Birger Koch |
| 260 |
_aMéxico : _bBohem : _bCordillera, _c2007. |
||
| 300 |
_a[22] p. : _bil. col. |
||
| 650 | 0 |
_aPerros _vCuentos y leyendas _98586 |
|
| 650 | 0 |
_aAnimales _vCuentos y leyendas _9234 |
|
| 905 | _aInfantil | ||
| 999 |
_c126807 _d126807 |
||